[Event "2ide-Wch (Elista)"]
[Site "?"]
[Date "1996.??.??"]
[Round "?"]
[White "Karpov, Anatoly"]
[Black "Kamsky, Gata"]
[Result "1/2-1/2"]
[WhiteElo "2770"]
[BlackElo "2735"]
[PlyCount "27"]
[EventDate "1996.??.??"]
[Source "www.chesslib.no"]
[SourceDate "2004.05.04"]

1. d4 Nf6 2. c4 g6 3. Nc3 d5 4. Nf3 Bg7 5. Qb3 dxc4 6. Qxc4 O-O 7. e4 a6 8. e5 b5 9. Qb3 Nfd7 10. e6 fxe6 11. Qxe6+ Kh8 12. Qe4 Nb6 13. Qh4 Nc6 14. Bd3 1/2-1/2

[Event "Tilburg"]
[Site "?"]
[Date "1996.??.??"]
[Round "?"]
[White "Karpov, Anatoly"]
[Black "Leko, P."]
[Result "1-0"]
[WhiteElo "2775"]
[BlackElo "2630"]
[PlyCount "57"]
[EventDate "1996.??.??"]
[Source "ChessBase"]
[SourceDate "1996.10.01"]

1. d4 Nf6 2. c4 g6 3. Nc3 d5 4. Nf3 Bg7 5. Qb3 dxc4 6. Qxc4 O-O 7. e4 a6 8. e5 Nfd7 9. Be3 Nb6 10. Qc5 Be6 11. Ng5 Bf5 12. Be2 Kh8 13. g4 Bc8 14. O-O-O f6 15. Nge4 f5 16. gxf5 Bxf5 17. h4 N8d7 18. Qa3 Nd5 19. Ng5 N7b6 20. h5 Nxe3 21. fxe3 Bh6 22. Nce4 Qd7 23. hxg6 Qc6+ 24. Kd2 Qxg6 25. Rdg1 Rad8 26. e6 Rxd4+ 27. exd4 Bxe4 28. Rxh6 Qxh6 29. Qe3 1-0

[Event "Wijk aan Zee 83/476"]
[Site "?"]
[Date "2002.??.??"]
[Round "?"]
[White "Bareev, E."]
[Black "Van Wely, L."]
[Result "1-0"]
[WhiteElo "2707"]
[BlackElo "2697"]
[PlyCount "65"]
[EventDate "2002.??.??"]
[Source "Chess Informant"]
[SourceDate "2001.10.01"]

1. d4 Nf6 2. c4 g6 3. Nc3 d5 4. Nf3 Bg7 5. Qb3 dxc4 6. Qxc4 O-O 7. e4 a6 8. Be2 b5 9. Qb3 c5 10. dxc5 Be6 11. Qc2 Nc6 12. O-O Qc7 13. Rd1 Rfd8 14. a3 Rxd1+ 15. Qxd1 Rd8 16. Qe1 Ng4 17. h3 Nd4 18. hxg4 Nc2 19. Bf4 Qxf4 20. Qc1 Qxc1+ 21. Rxc1 Bxc3 22. bxc3 Nxa3 23. Ra1 Nc4 24. Rxa6 Rc8 25. c6 Bxg4 26. Bxc4 bxc4 27. Nd4 Rb8 28. Ra5 Kf8 29. Rc5 Bc8 30. Rd5 Rb1+ 31. Kh2 Ke8 32. c7 Bd7 33. Nc6 1-0

[Event "Polanica Zdroj 73/545"]
[Site "?"]
[Date "1998.??.??"]
[Round "?"]
[White "Ivanchuk, Vassily"]
[Black "Leko, Peter"]
[Result "1/2-1/2"]
[WhiteElo "2730"]
[BlackElo "2665"]
[PlyCount "53"]
[EventDate "1998.??.??"]
[Source "ChessBase"]
[SourceDate "1998.06.01"]

1. Nf3 Nf6 2. d4 g6 3. c4 Bg7 4. Nc3 d5 5. Qb3 dxc4 6. Qxc4 O-O 7. e4 a6 8. Qb3 b5 9. e5 Nfd7 10. h4 Nb6 11. h5 c5 12. hxg6 hxg6 13. dxc5 Be6 14. Qc2 Bf5 15. Qb3 Be6 16. Qa3 Nc4 17. Bxc4 Bxc4 18. b3 Bd5 19. Nxd5 Qxd5 20. Be3 Nc6 21. Rd1 Qe6 22. O-O Bxe5 23. Rfe1 Bc3 24. Bd2 Qf6 25. Qc1 Bxd2 26. Qxd2 Kg7 27. Qe3 1/2-1/2

[Event "BL2-Sued 0102"]
[Site "Germany"]
[Date "2002.03.17"]
[Round "7.1"]
[White "Gyimesi, Zoltan"]
[Black "Svidler, Peter"]
[Result "0-1"]
[WhiteElo "2602"]
[BlackElo "2695"]
[PlyCount "50"]
[EventDate "2001.10.07"]
[Source "ChessBase"]
[SourceDate "2002.07.08"]

1. d4 Nf6 2. c4 g6 3. Nc3 d5 4. Nf3 Bg7 5. Qb3 dxc4 6. Qxc4 O-O 7. e4 a6 8. e5 b5 9. Qb3 Nfd7 10. e6 fxe6 11. Be3 Nf6 12. a4 b4 13. Qxb4 Nc6 14. Qc5 Qd6 15. Bc4 Rb8 16. O-O Rxb2 17. Rab1 Qxc5 18. dxc5 Rc2 19. Rfc1 Rxc1+ 20. Bxc1 Rd8 21. Ng5 Nd5 22. Ne2 Na5 23. Ba2 Nb4 24. Bf4 Nxa2 25. Bxc7 Rd5 0-1

[Event "Tilburg"]
[Site "?"]
[Date "1997.??.??"]
[Round "?"]
[White "Lautier, J."]
[Black "Leko, P."]
[Result "0-1"]
[WhiteElo "2660"]
[BlackElo "2635"]
[PlyCount "74"]
[EventDate "1997.??.??"]
[Source "ChessBase"]
[SourceDate "1997.06.01"]

1. d4 Nf6 2. c4 g6 3. Nc3 d5 4. Nf3 Bg7 5. Qb3 dxc4 6. Qxc4 O-O 7. e4 a6 8. Qb3 b5 9. e5 Nfd7 10. h4 c5 11. e6 fxe6 12. h5 cxd4 13. hxg6 Nc5 14. Qc2 Rxf3 15. gxh7+ Kh8 16. gxf3 d3 17. Qd1 Nc6 18. Bh6 Bxh6 19. Rxh6 Bb7 20. Bg2 Ne5 21. Rh3 Qd4 22. Rg3 Nc4 23. Kf1 Rf8 24. Kg1 Rf4 25. Qc1 e5 26. Nd1 Kxh7 27. Rb1 Bc8 28. Ne3 d2 29. Qc2+ Qd3 30. Qxd3+ Nxd3 31. Bf1 Nc1 32. Bxc4 bxc4 33. Rg5 Bf5 34. Ra1 Rxf3 35. Nd1 Bc2 36. Kg2 Bxd1 37. Rh5+ Kg6 0-1

[Event "Batumi"]
[Site "?"]
[Date "1999.??.??"]
[Round "?"]
[White "Piket, Je"]
[Black "Sokolov, I."]
[Result "1/2-1/2"]
[WhiteElo "2635"]
[BlackElo "2655"]
[PlyCount "55"]
[EventDate "1999.??.??"]
[Source "Chess Informant"]
[SourceDate "1999.10.01"]

1. d4 Nf6 2. c4 g6 3. Nc3 d5 4. Nf3 Bg7 5. Qb3 dxc4 6. Qxc4 O-O 7. e4 a6 8. Be2 b5 9. Qb3 c5 10. dxc5 Bb7 11. O-O Nxe4 12. Nxe4 Bxe4 13. Bg5 Nc6 14. Qe3 Qd5 15. Rad1 Qf5 16. Bh6 Bxh6 17. Qxh6 f6 18. Nd4 Nxd4 19. Rxd4 Rfd8 20. Qd2 Rxd4 21. Qxd4 Bc6 22. Bg4 Qd5 23. Qxd5+ Bxd5 24. Rd1 e6 25. Bf3 Bxf3 26. gxf3 a5 27. a3 a4 28. c6 1/2-1/2

[Event "It"]
[Site "Pune"]
[Date "2004.09.10"]
[Round "7"]
[White "Beliavsky, Alexander G"]
[Black "Harikrishna, Penteala"]
[Result "1/2-1/2"]
[WhiteElo "2679"]
[BlackElo "2609"]
[PlyCount "41"]
[EventDate "2004.08.03"]
[Source "Roberto Alvarez"]
[SourceDate "2004.09.15"]

1. d4 Nf6 2. c4 g6 3. Nc3 d5 4. Nf3 Bg7 5. Qb3 dxc4 6. Qxc4 O-O 7. e4 a6 8. e5 b5 9. Qb3 Nfd7 10. e6 fxe6 11. Be3 Nf6 12. a4 bxa4 13. Rxa4 Nd5 14. Bc4 c6 15. Ra3 Nd7 16. Nxd5 cxd5 17. Bxd5 Nc5 18. dxc5 Qxd5 19. O-O Bb7 20. Rd1 Qc6 21. Ne1 1/2-1/2

[Event "Groningen (m/1) 71/(502)"]
[Site "?"]
[Date "1997.??.??"]
[Round "?"]
[White "Piket, Jeroen"]
[Black "Van Wely, Loek"]
[Result "1/2-1/2"]
[WhiteElo "2630"]
[BlackElo "2655"]
[PlyCount "40"]
[EventDate "1997.??.??"]
[Source "ChessBase"]
[SourceDate "1997.10.01"]

1. d4 Nf6 2. c4 g6 3. Nc3 d5 4. Nf3 Bg7 5. Qb3 dxc4 6. Qxc4 O-O 7. e4 a6 8. Qa4 Nbd7 9. e5 Ng4 10. h3 Nh6 11. Qa3 Nb6 12. Bxh6 Bxh6 13. Bd3 Be6 14. O-O c6 15. Rfe1 Qc7 16. Rad1 Rfd8 17. Ne4 Bd5 18. Bc2 Bxe4 19. Bxe4 e6 20. h4 Rd7 1/2-1/2

[Event "Deutschland 86/(453)"]
[Site "?"]
[Date "2002.??.??"]
[Round "?"]
[White "Babula, V."]
[Black "Svidler, P."]
[Result "1/2-1/2"]
[WhiteElo "2590"]
[BlackElo "2690"]
[PlyCount "38"]
[EventDate "2002.??.??"]
[Source "Chess Informant"]
[SourceDate "2002.10.01"]

1. d4 Nf6 2. c4 g6 3. Nc3 d5 4. Nf3 Bg7 5. Qb3 dxc4 6. Qxc4 O-O 7. e4 a6 8. Be2 b5 9. Qb3 c5 10. dxc5 Bb7 11. O-O Nxe4 12. Nxe4 Bxe4 13. Bf4 Bd5 14. Qe3 Bxb2 15. Rad1 e6 16. Ne5 Nd7 17. Nd3 Bg7 18. Nb4 Nf6 19. Be5 Ne8 1/2-1/2

[Event "Leningrad"]
[Site "?"]
[Date "1991.??.??"]
[Round "?"]
[White "Bareev, Evgeny I"]
[Black "Epishin, Vladimir V"]
[Result "0-1"]
[WhiteElo "2650"]
[BlackElo "2620"]
[PlyCount "21"]
[EventDate "1991.??.??"]
[Source "www.chesslib.no"]
[SourceDate "2004.05.04"]

1. d4 Nf6 2. c4 g6 3. Nc3 d5 4. Nf3 Bg7 5. Qb3 dxc4 6. Qxc4 O-O 7. e4 a6 8. e5 b5 9. Qb3 Nfd7 10. Be3 Nb6 11. h4 0-1

[Event "Wall Street 5'"]
[Site "New York, NY USA"]
[Date "1993.??.??"]
[Round "2.1"]
[White "Dlugy, Maxim"]
[Black "Anand, Viswanathan"]
[Result "1-0"]
[WhiteElo "2550"]
[BlackElo "2710"]
[PlyCount "99"]
[EventDate "1993.??.??"]
[Source "www.chesslib.no"]
[SourceDate "2004.05.04"]

1. d4 Nf6 2. c4 g6 3. Nc3 d5 4. Nf3 Bg7 5. Qb3 dxc4 6. Qxc4 O-O 7. e4 a6 8. Be2 b5 9. Qb3 c5 10. dxc5 Bb7 11. O-O Nbd7 12. e5 Nxc5 13. Qb4 Nfd7 14. Bg5 h6 15. Be3 a5 16. Qh4 b4 17. Nb5 e6 18. Qh3 h5 19. Nd6 Bd5 20. Rac1 Na4 21. Bd4 Bxf3 22. Bxf3 Nxe5 23. Bxe5 Bxe5 24. Nc4 Bf4 25. Rcd1 Qc7 26. Bxa8 Rxa8 27. Qb3 Bxh2+ 28. Kh1 Bf4 29. Qxa4 Qxc4 30. Qb3 Qc7 31. Qf3 Rc8 32. b3 Be5 33. Rd2 Bc3 34. Rd3 Kg7 35. Rfd1 Rf8 36. g3 Bf6 37. Kg2 Qc2 38. R1d2 Qb1 39. Rd7 Bc3 40. Re2 e5 41. Qd5 Qf5 42. Re3 g5 43. Rf3 Qg6 44. Rd6 Qb1 45. Rdf6 e4 46. Rxf7+ Rxf7 47. Qxf7+ Kh6 48. Qe6+ Kh7 49. Rf7+ Bg7 50. Qf6 1-0

[Event "EU-chT (Men)"]
[Site "Batumi"]
[Date "1999.12.03"]
[Round "5.1"]
[White "Giorgadze, Giorgi"]
[Black "Sokolov, Ivan"]
[Result "1/2-1/2"]
[WhiteElo "2602"]
[BlackElo "2656"]
[PlyCount "31"]
[EventDate "1999.11.06"]
[Source "ChessBase"]
[SourceDate "2000.02.01"]

1. d4 Nf6 2. c4 g6 3. Nc3 d5 4. Nf3 Bg7 5. Qb3 dxc4 6. Qxc4 O-O 7. e4 a6 8. Be2 b5 9. Qb3 c5 10. dxc5 Be6 11. Qc2 Nc6 12. O-O Qc7 13. h3 Nb4 14. Qb1 Qxc5 15. Be3 Qc7 16. Rc1 1/2-1/2

[Event "Lyon"]
[Site "?"]
[Date "1994.??.??"]
[Round "?"]
[White "Bareev, E."]
[Black "Huzman, A."]
[Result "1/2-1/2"]
[WhiteElo "2675"]
[BlackElo "2575"]
[PlyCount "35"]
[EventDate "1994.??.??"]
[Source "ChessBase"]
[SourceDate "1994.10.01"]

1. d4 Nf6 2. Nf3 g6 3. c4 Bg7 4. Nc3 d5 5. Qb3 dxc4 6. Qxc4 O-O 7. e4 a6 8. e5 Nfd7 9. Be3 b5 10. Qb3 Nb6 11. a4 Be6 12. Qd1 c6 13. Be2 f6 14. exf6 exf6 15. axb5 cxb5 16. O-O Nc6 17. Ne4 Nc4 18. Nc5 1/2-1/2

[Event "Leeuwarden Open"]
[Site "Leeuwarden NED"]
[Date "1994.??.??"]
[Round "5"]
[White "Sokolov, Ivan"]
[Black "Alterman, Boris"]
[Result "0-1"]
[WhiteElo "2650"]
[BlackElo "2595"]
[PlyCount "138"]
[EventDate "1994.07.??"]
[Source "www.chesslib.no"]
[SourceDate "2004.05.04"]

1. d4 Nf6 2. c4 g6 3. Nc3 d5 4. Nf3 Bg7 5. Qb3 dxc4 6. Qxc4 O-O 7. e4 a6 8. Be2 b5 9. Qb3 c5 10. dxc5 Bb7 11. e5 Nfd7 12. Be3 e6 13. a4 Qa5 14. O-O b4 15. Na2 Nc6 16. Rfd1 Ndxe5 17. Ng5 Qc7 18. Rd6 Ne7 19. Nxb4 Nf5 20. Rb6 h6 21. c6 Bc8 22. Nf3 Ng4 23. Nc2 e5 24. Rb4 Nd6 25. Qd5 Be6 26. Bb6 Qxb6 27. Rxb6 Bxd5 28. Rd1 Nc8 29. Rb4 Nf6 30. Nxe5 Re8 31. f4 Bf8 32. Rb7 Bxc6 33. Rxf7 Rxe5 34. Rxf6 Rxe2 35. Rxg6+ Kf7 36. Rxc6 Ne7 37. Rc7 Rc8 38. Rxc8 Nxc8 39. Rd7+ Ke8 40. Rc7 Kd8 41. Rc3 Bg7 42. Rd3+ Kc7 43. Nb4 Rxb2 44. Nxa6+ Kc6 45. Rd8 Nd6 46. Nb8+ Kd5 47. g3 Bf6 48. Rf8 Be7 49. Rg8 Nf5 50. Nd7 Nd4 51. Ne5 Ke4 52. Re8 Nf3+ 53. Kf1 Nxh2+ 54. Kg1 Bc5+ 55. Kh1 Ra2 56. Ng4+ Kf3 57. Nxh2+ Kf2 58. Nf1 Ra1 59. Kh2 Rxf1 60. f5 Kf3 61. Rb8 Bg1+ 62. Kh3 Bb6 63. Kh2 Rb1 64. Rc8 Bg1+ 65. Kh3 Bd4 66. Rc2 Rg1 67. a5 Rxg3+ 68. Kh4 Rg5 69. a6 Rxf5 0-1

[Event "Sarajevo 72/437"]
[Site "?"]
[Date "1998.??.??"]
[Round "?"]
[White "Lputian, Smbat G"]
[Black "Sokolov, Ivan"]
[Result "1-0"]
[WhiteElo "2610"]
[BlackElo "2625"]
[PlyCount "119"]
[EventDate "1998.??.??"]
[Source "ChessBase"]
[SourceDate "1998.02.01"]

1. d4 Nf6 2. c4 g6 3. Nc3 d5 4. Nf3 Bg7 5. Qb3 dxc4 6. Qxc4 O-O 7. e4 a6 8. Qb3 b5 9. e5 Nfd7 10. h4 c5 11. e6 c4 12. exf7+ Rxf7 13. Qd1 Nb6 14. h5 Nc6 15. hxg6 hxg6 16. Be2 Bf5 17. Be3 Nb4 18. Rc1 N6d5 19. Nxd5 Nxd5 20. Bd2 Qd6 21. b3 c3 22. Bxc3 Nf4 23. Ng5 Nxg2+ 24. Kf1 Ne3+ 25. fxe3 Bc2+ 26. Nxf7 Qf6+ 27. Ke1 Bxd1 28. Rf1 Bxe2 29. Rxf6 Bxf6 30. Nh6+ Kg7 31. Kxe2 Kxh6 32. e4 Kg7 33. e5 Bg5 34. Bd2 Bxd2 35. Kxd2 Kf7 36. Ke3 Rh8 37. d5 Rh3+ 38. Kd4 Rh4+ 39. Kc5 Rh2 40. Kc6 Re2 41. e6+ Kf6 42. Kd7 Rd2 43. Rf1+ Kg7 44. Rf7+ Kg8 45. Kc6 Rc2+ 46. Kb6 Rd2 47. Kc5 Rc2+ 48. Kd4 Rd2+ 49. Ke4 g5 50. Rf5 Rxa2 51. Rxg5+ Kh7 52. Rf5 Kg6 53. Rf7 Re2+ 54. Kd3 Re1 55. Rxe7 a5 56. Kd4 a4 57. bxa4 bxa4 58. Ra7 Kf6 59. Rf7+ Kg6 60. Rf3 1-0

[Event "Amsterdam"]
[Site "?"]
[Date "1989.??.??"]
[Round "?"]
[White "Beliavsky, A."]
[Black "Gulko, B."]
[Result "1-0"]
[WhiteElo "2620"]
[BlackElo "2610"]
[PlyCount "51"]
[EventDate "1989.??.??"]
[Source "ChessBase"]
[SourceDate "1989.07.01"]

1. d4 Nf6 2. c4 g6 3. Nc3 d5 4. Nf3 Bg7 5. Qb3 dxc4 6. Qxc4 O-O 7. e4 a6 8. e5 Nfd7 9. Be3 b5 10. Qb3 Nb6 11. a4 Be6 12. Qd1 bxa4 13. Nxa4 Nxa4 14. Qxa4 Nd7 15. Be2 Nb6 16. Qc2 a5 17. O-O Qd7 18. Rfc1 Rfc8 19. Ng5 Bd5 20. Ne4 a4 21. Nc5 Qc6 22. Bf1 e6 23. Qd2 Qe8 24. Bh6 Nd7 25. Bxg7 Nxc5 26. Qh6 1-0

[Event "Tilburg NED"]
[Site "?"]
[Date "1997.??.??"]
[Round "?"]
[White "Lautier Joel"]
[Black "Leko Peter"]
[Result "0-1"]
[WhiteElo "2630"]
[BlackElo "2600"]
[PlyCount "31"]
[EventDate "1997.??.??"]
[Source "www.chesslib.no"]
[SourceDate "2004.05.04"]

1. d4 Nf6 2. Nf3 g6 3. c4 Bg7 4. Nc3 d5 5. Qb3 dxc4 6. Qxc4 O-O 7. e4 a6 8. Qb3 b5 9. e5 Nfd7 10. Qd1 c5 11. e6 fxe6 12. Qc2 Rxf3 13. gxf3 Nc6 14. Bh6 Bxh6 15. Bg2 e5 16. Nd1 0-1

[Event "Elista (ol) 73/(545)"]
[Site "?"]
[Date "1998.??.??"]
[Round "?"]
[White "Kozul, Zdenko"]
[Black "Azmaiparashvili, Zurab"]
[Result "0-1"]
[WhiteElo "2570"]
[BlackElo "2655"]
[PlyCount "46"]
[Source "ChessBase"]
[SourceDate "1998.06.01"]

1. d4 Nf6 2. c4 g6 3. Nc3 d5 4. Nf3 Bg7 5. Qb3 dxc4 6. Qxc4 O-O 7. e4 a6 8. e5 b5 9. Qb3 Nfd7 10. Be3 c5 11. e6 cxd4 12. Nxd4 Nc5 13. exf7+ Rxf7 14. Qd1 Ra7 15. Nc6 Nxc6 16. Qxd8+ Nxd8 17. Bxc5 Rc7 18. Ba3 Rxc3 19. Rd1 Rc2 20. Rxd8+ Rf8 21. Bxe7 Rxd8 22. Bxd8 Rxb2 23. a4 Bc3+ 0-1

[Event "Biel"]
[Site "?"]
[Date "1999.??.??"]
[Round "?"]
[White "Piket, Je"]
[Black "Avrukh, B."]
[Result "1-0"]
[WhiteElo "2635"]
[BlackElo "2585"]
[PlyCount "89"]
[EventDate "1999.??.??"]
[Source "Chess Informant"]
[SourceDate "1999.06.01"]

1. d4 Nf6 2. c4 g6 3. Nc3 d5 4. Nf3 Bg7 5. Qb3 dxc4 6. Qxc4 O-O 7. e4 a6 8. Be2 b5 9. Qb3 c5 10. dxc5 Be6 11. Qc2 Nc6 12. O-O Qc7 13. h3 Nb4 14. Qb1 Qxc5 15. Be3 Qc8 16. Rc1 Qb7 17. Nd4 Bc4 18. a3 Nc6 19. Nxc6 Qxc6 20. Bf3 Qd6 21. Rd1 Qe5 22. Bd4 Qe6 23. e5 Nd5 24. Ne4 Nf4 25. Nc5 Qf5 26. Qxf5 gxf5 27. Bxa8 Ne2+ 28. Kh1 Rxa8 29. Nd7 Be6 30. Bc5 Re8 31. g3 Bh6 32. Kg2 Nc1 33. Bxe7 Rxe7 34. Nf6+ Kg7 35. Rd8 Bd2 36. Rxd2 Nb3 37. Rd8 Nxa1 38. Rg8+ Kh6 39. g4 fxg4 40. hxg4 Bxg4 41. Nxg4+ Kh5 42. Nf6+ Kh6 43. f4 Nc2 44. Ng4+ Kh5 45. Kg3 1-0

[Event "Corr"]
[Site "?"]
[Date "1996.??.??"]
[Round "?"]
[White "Anton Volker-Michael"]
[Black "Burger Heinrich"]
[Result "1/2-1/2"]
[WhiteElo "2615"]
[BlackElo "2595"]
[PlyCount "33"]
[EventDate "1996.??.??"]
[Source "www.chesslib.no"]
[SourceDate "2004.05.04"]

1. d4 Nf6 2. c4 g6 3. Nc3 d5 4. Nf3 Bg7 5. Qb3 dxc4 6. Qxc4 O-O 7. e4 a6 8. e5 b5 9. Qb3 Nfd7 10. Be3 Nb6 11. a4 Be6 12. Qd1 b4 13. Ne4 Bd5 14. Nc5 N6d7 15. Rc1 Nxc5 16. Rxc5 e6 17. Bc4 1/2-1/2

[Event "Hoogovens"]
[Site "Wijk aan Zee"]
[Date "1978.??.??"]
[Round "?"]
[White "Sosonko, Gennadi"]
[Black "Mecking, Henrique"]
[Result "1/2-1/2"]
[WhiteElo "2575"]
[BlackElo "2630"]
[PlyCount "58"]
[EventDate "1978.01.??"]
[Source "ChessBase"]

1. d4 Nf6 2. c4 g6 3. Nc3 d5 4. Nf3 Bg7 5. Qb3 dxc4 6. Qxc4 O-O 7. e4 a6 8. Be2 b5 9. Qb3 c5 10. dxc5 Nbd7 11. e5 Nxc5 12. Qb4 Nfd7 13. O-O a5 14. Qh4 Bb7 15. Bg5 Qb6 16. Bxe7 Rfe8 17. Bxb5 Bxf3 18. Bxc5 Qxc5 19. Bxd7 Re7 20. gxf3 Rxd7 21. f4 Qb4 22. Rad1 Rad8 23. Qxd8+ Rxd8 24. Rxd8+ Bf8 25. Nd5 Qxb2 26. Re1 Kg7 27. Re3 Bc5 28. Rf3 Qe2 29. Kg2 Bxf2 1/2-1/2

[Event "USSR (ch)"]
[Site "?"]
[Date "1990.??.??"]
[Round "?"]
[White "Bareev, E."]
[Black "Epishin, V."]
[Result "0-1"]
[WhiteElo "2605"]
[BlackElo "2590"]
[PlyCount "62"]
[EventDate "1990.??.??"]
[Source "ChessBase"]
[SourceDate "1990.07.01"]

1. d4 Nf6 2. c4 g6 3. Nc3 d5 4. Nf3 Bg7 5. Qb3 dxc4 6. Qxc4 O-O 7. e4 a6 8. e5 b5 9. Qb3 Nfd7 10. Be3 Nb6 11. h4 Be6 12. Qd1 c5 13. Ng5 cxd4 14. Qxd4 Qxd4 15. Bxd4 Nd5 16. Nxe6 fxe6 17. Rd1 Nc6 18. Bc5 Rf5 19. Nxd5 Rxe5+ 20. Be2 Rxd5 21. Be3 Bxb2 22. Rb1 Bc3+ 23. Kf1 Nd4 24. Bxd4 Rxd4 25. Rh3 b4 26. h5 e5 27. hxg6 hxg6 28. Rg3 Kg7 29. Bd3 e4 30. Bc2 Rf8 31. f3 Rh8 0-1

[Event "Rubinstein mem"]
[Site "Polanica Zdroj"]
[Date "1996.??.??"]
[Round "1"]
[White "Oll, Lembit"]
[Black "Rogers, Ian"]
[Result "1-0"]
[WhiteElo "2620"]
[BlackElo "2575"]
[PlyCount "65"]
[EventDate "1996.08.15"]
[Source "ChessBase"]

1. d4 Nf6 2. Nf3 g6 3. c4 Bg7 4. Nc3 d5 5. Qb3 dxc4 6. Qxc4 O-O 7. e4 a6 8. Qb3 c5 9. dxc5 Nc6 10. Be2 Nd7 11. Qa3 Nd4 12. Nxd4 Bxd4 13. Bh6 Re8 14. Rd1 e5 15. O-O Nxc5 16. Be3 Ne6 17. Bc4 Bd7 18. Bxd4 Nxd4 19. f4 Bb5 20. Bxb5 axb5 21. Qb4 Qa5 22. Qxa5 Rxa5 23. fxe5 Rd8 24. a3 Kf8 25. Rf6 b4 26. Nd5 bxa3 27. bxa3 Ne6 28. Rdf1 Ng5 29. e6 Kg7 30. e7 Re8 31. h4 Nxe4 32. Rxf7+ Kh6 33. Nc7 1-0

[Event "Escaldes zt"]
[Site "Escaldes"]
[Date "1998.11.07"]
[Round "2"]
[White "Bacrot, Etienne"]
[Black "Van Wely, Loek"]
[Result "1/2-1/2"]
[WhiteElo "2555"]
[BlackElo "2635"]
[PlyCount "102"]
[EventDate "1998.11.06"]
[Source "ChessBase"]
[SourceDate "1999.02.01"]

1. d4 Nf6 2. Nf3 g6 3. c4 Bg7 4. Nc3 d5 5. Qb3 dxc4 6. Qxc4 O-O 7. e4 a6 8. Be2 b5 9. Qb3 c5 10. dxc5 Bb7 11. O-O Nxe4 12. Nxe4 Bxe4 13. Bg5 Nc6 14. Qe3 Bf5 15. Bh6 Bxb2 16. Rad1 Qa5 17. Bxf8 Rxf8 18. Bd3 Bxd3 19. Rxd3 Qxa2 20. Rd2 Qa3 21. Qe4 Rc8 22. Ng5 Bc1 23. Qd5 Ne5 24. Qb7 Rf8 25. Rd5 Bxg5 26. Rxe5 Bf6 27. Rd5 e6 28. Rd6 Qxc5 29. Rxa6 Bd4 30. Ra5 Rd8 31. Rxb5 Bxf2+ 32. Kh1 Qc4 33. Rbb1 Qe2 34. Qe7 Rf8 35. Qf6 Bc5 36. Rbd1 Ba3 37. Rb1 Bd6 38. Rf2 Qh5 39. h3 Qc5 40. Rd1 h5 41. Rff1 Be5 42. Qg5 Bd6 43. Qxc5 Bxc5 44. g4 h4 45. Rd7 Be3 46. Kg2 Bg5 47. Rb7 Kg7 48. Re1 Re8 49. Rf1 Rf8 50. Re1 Re8 51. Rf1 Rf8 1/2-1/2

[Event "4. EU ch.final"]
[Site "IV EU ch.final"]
[Date "1995.??.??"]
[Round "?"]
[White "Tirabassi"]
[Black "Bachmann/GER"]
[Result "1/2-1/2"]
[WhiteElo "2550"]
[BlackElo "2615"]
[PlyCount "36"]
[EventDate "1995.??.??"]
[Source "www.chesslib.no"]
[SourceDate "2004.05.04"]

1. d4 Nf6 2. c4 g6 3. Nc3 d5 4. Nf3 Bg7 5. Qb3 dxc4 6. Qxc4 O-O 7. e4 a6 8. e5 b5 9. Qb3 Nfd7 10. Be3 Nb6 11. Rd1 c6 12. Ng5 Nd5 13. Nxd5 Qxd5 14. Qxd5 cxd5 15. Rc1 Bd7 16. Be2 e6 17. f4 Nc6 18. Nf3 Rfc8 1/2-1/2

[Event "CZE-chT Extra 1999/2000"]
[Site "CZE"]
[Date "1999.??.??"]
[Round "5"]
[White "Babula, Vlastimil"]
[Black "Ftacnik, Lubomir"]
[Result "1/2-1/2"]
[WhiteElo "2567"]
[BlackElo "2589"]
[PlyCount "63"]
[EventDate "2000.03.19"]
[Source "www.chesslib.no"]
[SourceDate "2004.05.04"]

1. d4 Nf6 2. c4 g6 3. Nc3 d5 4. Nf3 Bg7 5. Qb3 dxc4 6. Qxc4 O-O 7. e4 a6 8. e5 b5 9. Qb3 Nfd7 10. h4 Nb6 11. h5 c5 12. hxg6 hxg6 13. dxc5 Be6 14. Qc2 Bf5 15. Qb3 Be6 16. Qa3 Nc4 17. Bxc4 Bxc4 18. Bh6 Bxh6 19. Rd1 Qc7 20. Rxh6 Nc6 21. Nd5 Bxd5 22. Rxd5 Rfd8 23. Qb3 e6 24. Rd6 Kg7 25. Ng5 Qa5+ 26. Kf1 Rxd6 27. Rh7+ Kg8 28. Rh8+ Kg7 29. Rh7+ Kg8 30. exd6 Qd2 31. Rh8+ Kg7 32. Rh7+ 1/2-1/2

[Event "St Petersburg"]
[Site "St Petersburg"]
[Date "1997.??.??"]
[Round "9"]
[White "Sosonko, Gennadi"]
[Black "Svidler, Peter"]
[Result "1/2-1/2"]
[WhiteElo "2515"]
[BlackElo "2640"]
[PlyCount "76"]
[EventDate "1997.04.17"]
[Source "ChessBase"]
[SourceDate "1997.08.01"]

1. d4 Nf6 2. c4 g6 3. Nc3 d5 4. Nf3 Bg7 5. Qb3 dxc4 6. Qxc4 O-O 7. e4 a6 8. Be2 b5 9. Qb3 c5 10. dxc5 Bb7 11. O-O Nxe4 12. Nxe4 Bxe4 13. Bg5 Nc6 14. Qe3 Bf5 15. Bh6 Bxb2 16. Rad1 Qa5 17. Bxf8 Rxf8 18. Bd3 Bxd3 19. Rxd3 Qxa2 20. Rd2 Qa3 21. Qe4 Rc8 22. Ng5 Bf6 23. Qg4 Rc7 24. Ne4 Be5 25. Qd1 Qb4 26. Re1 Kg7 27. g3 h6 28. Re3 Bd4 29. Red3 Rd7 30. g4 Qc4 31. Kg2 Qd5 32. f3 Kh7 33. Rxd4 Nxd4 34. c6 Qxc6 35. Rxd4 Rxd4 36. Qxd4 Qc2+ 37. Kg3 Qc7+ 38. Kg2 Qc2+ 1/2-1/2

[Event "Open Aeroflot"]
[Site "Mosca RUS"]
[Date "2007.02.21"]
[Round "8"]
[White "Dyachkov, S."]
[Black "Belov, Vl"]
[Result "1/2-1/2"]
[WhiteElo "2554"]
[BlackElo "2600"]
[PlyCount "49"]
[EventDate "2007.02.14"]
[Source "www.chesslib.no"]
[SourceDate "2004.05.04"]

1. d4 Nf6 2. Nf3 g6 3. c4 Bg7 4. Nc3 d5 5. Qb3 dxc4 6. Qxc4 O-O 7. e4 a6 8. Bf4 b5 9. Qxc7 Qxc7 10. Bxc7 Bb7 11. Bd3 b4 12. Na4 Nxe4 13. O-O Nf6 14. Rac1 Nd5 15. Nc5 Nxc7 16. Nxb7 Nb5 17. Rc4 a5 18. Rd1 Ra7 19. Be4 Nd7 20. Bc6 Rb8 21. Bxd7 Raxb7 22. Bxb5 Rxb5 23. Rdc1 Rd8 24. Kf1 Rbd5 25. Rc5 1/2-1/2

[Event "Slovensko 71/505"]
[Site "?"]
[Date "1997.??.??"]
[Round "?"]
[White "Ftacnik, Lubomir"]
[Black "Stohl, Igor"]
[Result "1-0"]
[WhiteElo "2585"]
[BlackElo "2565"]
[PlyCount "83"]
[EventDate "1997.??.??"]
[Source "ChessBase"]
[SourceDate "1997.10.01"]

1. d4 Nf6 2. Nf3 g6 3. c4 Bg7 4. Nc3 d5 5. Qb3 dxc4 6. Qxc4 O-O 7. e4 a6 8. Qb3 b5 9. e5 Nfd7 10. h4 c5 11. e6 c4 12. Qd1 Nb6 13. exf7+ Rxf7 14. h5 Bg4 15. hxg6 hxg6 16. Be2 Nc6 17. Bh6 Qf8 18. Be3 Rd8 19. Ng5 Bxd4 20. Qc1 Bxe2 21. Nxf7 Qxf7 22. Nxe2 Nb4 23. Bxd4 Nd3+ 24. Kf1 Rxd4 25. Qe3 Rd6 26. Rh3 Nxb2 27. Nc3 Nd5 28. Qc5 Qe6 29. Re1 Qd7 30. Ne4 Nd3 31. Rxd3 cxd3 32. Nxd6 Qxd6 33. Qxd6 exd6 34. Rd1 Kf7 35. Rxd3 Ke6 36. Ra3 Nb4 37. Ke2 d5 38. Rg3 Kf5 39. a3 Nc6 40. Rc3 Ne5 41. Ke3 Ke6 42. Rc8 1-0

[Event "SLO-chT"]
[Site "Celje"]
[Date "2003.11.20"]
[Round "5"]
[White "Kozul, Zdenko"]
[Black "Ruck, Robert"]
[Result "0-1"]
[WhiteElo "2597"]
[BlackElo "2551"]
[PlyCount "70"]
[EventDate "2003.11.17"]
[Source "Roberto Alvarez"]
[SourceDate "2003.11.24"]

1. d4 Nf6 2. c4 g6 3. Nc3 d5 4. Nf3 Bg7 5. Qb3 dxc4 6. Qxc4 O-O 7. e4 a6 8. e5 b5 9. Qb3 Nfd7 10. e6 fxe6 11. Be3 Nf6 12. a4 bxa4 13. Nxa4 Nc6 14. Nc5 Nd5 15. Rc1 Qd6 16. Be2 Nf4 17. Bxf4 Qxf4 18. O-O Nxd4 19. Nxd4 Bxd4 20. Bf3 Be5 21. Rfe1 Qxh2+ 22. Kf1 c6 23. Nxe6 Rxf3 24. Qxf3 Bxe6 25. Qxc6 Qh1+ 26. Ke2 Bg4+ 27. Kd3 Rd8+ 28. Kc2 Qh5 29. Kb1 Bf6 30. f3 Bf5+ 31. Ka1 Bd3 32. Rc5 Qh4 33. Rd1 Qf2 34. Qe6+ Kg7 35. Rc3 Rb8 0-1